000 00649nmm a2200157Ia 4500
008 251105s9999||||xx |||||||||||||||||und||
020 _a9788437062457
041 _aspa
100 _aMaura King, Juan Francisco
245 0 _aEspañolas de ultramar en la historia y en la literatura :
_b Aventureras, madres, soldados, virreinas, gobernadoras, adelantadas, prostitutas, empresarias, monjas, escritoras, criadas?
264 _a[Madrid, España] :
_bPublicaciones de la Universidad de Valencia (PUV),
_c2005
300 _a298 páginas
650 _aGender and Women Studies
856 _uhttps://public.digitaliapublishing.com/a/35300
942 _cCF
999 _c82330
_d82330